| 000 | 01178nam a2200277 i 4500 | ||
|---|---|---|---|
| 001 | 179723 | ||
| 003 | ES-MaACL | ||
| 005 | 20250902232514.0 | ||
| 008 | 120112s2008 sp abo |||| | spa d | ||
| 020 | _a978-84-7790-470-0 (Ministerio de Fomento) | ||
| 020 | _a978-84-920755-5-3 (Fundación Juanelo Turriano) | ||
| 080 | _a62/69(460)"10/14"(060.64) | ||
| 245 | 0 | 0 |
_aArs mechanicae _b: ingeniería medieval en España : [Pabellón Villanueva, Real Jardín Botánico de Madrid / _ctextos, Ricardo Córdoba de la Llave ... et al.]. |
| 260 |
_a[Madrid] : _bCEHOPU : _bFundación Juanelo Turriano, _c[2008] |
||
| 300 |
_a297 p. : _bil. col. y n., fot., mapas ; _c30 cm. |
||
| 500 | _aGlosarios. | ||
| 504 | _aBibliografía: p. 259-269. | ||
| 650 | 7 |
_aIngeniería- _zEspaña- _vExposiciones _2 _9149039 |
|
| 700 | 1 |
_aCórdoba de la Llave, Ricardo. _940549 |
|
| 710 | 2 |
_aReal Jardín Botánico. _96359 |
|
| 710 | 2 |
_aFundación Juanelo Turriano. _94352 |
|
| 852 |
_aES-MaACL _jA-11850 _9186622 _bR.148505 _cDEPO1 _dOlim: N-4855 _xDonación: Fundación Juanelo Turriano |
||
| 914 |
_94352 _aFundación Juanelo Turriano _ednr |
||
| 942 |
_2udc _cMONOGRAFIA |
||
| 999 |
_c179723 _d179723 |
||